| 000 | 01137cam a22002771i 4500 | ||
|---|---|---|---|
| 003 | SA-RiAUC | ||
| 005 | 20260306125705.0 | ||
| 008 | 260303s2017____jo f 000 0 ara c | ||
| 020 | _a9789957234416 | ||
| 035 | _aADRIF2018-1185 | ||
| 040 |
_aSA-JeALM _bara _cSA-RiAUC _erda |
||
| 050 | 4 | _b.J39 2017 | |
| 082 | 0 | 4 | _a237.3 |
| 090 |
_a237.3 _bق ر ا |
||
| 100 | 1 |
_aالقرافي، علي بن احمد _dتوفى 940 هـ _eمؤلف. |
|
| 245 | 1 | 0 |
_aلطائف المنن في قواعد السنن _cنور الدين أبي الحسن علي بن أحمد الأنصاري القرافي ، تحقيق عبدالمجيد جمعة الجزائري . |
| 250 | _aالطبعة الأولى. | ||
| 264 | 1 |
_aأبوظبي. الامارات العربية المتحدة : _bمؤسسة بينونة، _c2014 |
|
| 300 |
_a56 صفحة ؛ _c24 سم |
||
| 336 |
_aنص _btxt _2rdacontent _3كتاب |
||
| 337 |
_aبدون وسيط _bn _2rdamedia |
||
| 650 | 7 |
_aعلم الحديث _2aucsh |
|
| 700 |
_aالجزائري، عبدالمجيد جمعة _eمحقق. |
||
| 942 |
_2ddc _cBOOK _n0 |
||
| 949 |
_aSA-JeALM _d260303 _uosman123 _n1 |
||
| 999 |
_c14487 _d14487 |
||